| 000 | 00465nam a2200169Ia 4500 | ||
|---|---|---|---|
| 008 | 180921t2003 xxu||||| |||| 00| 0 sin d | ||
| 041 | _asin | ||
| 080 |
_a581 _bJAY |
||
| 245 | _aජය සිරි මහ බෝ වරුණ | ||
| 246 | _aThe Sacred Tree of Wisdom | ||
| 260 |
_bJaya Sri Maha Bodhi Ranveta Fund _c2003 |
||
| 300 | _a86p,Pl., 30 cm | ||
| 650 | _aJaya Sri Maha Bodhi | ||
| 942 | _cBK | ||
| 999 |
_c15649 _d15649 |
||
| 003 | LK-CoDNM | ||
| 040 |
_aLK-CoDNM _dLK-CoDNM _eLK-CoDNM |
||